000 01658cam a2200313 i 4500
001 19080239
005 20250211180742.0
008 160503t20162016enk bl 001 0 eng c
020 _a9780414070400
050 0 0 _aKD1289
_b.C6 2019
100 _aDavies, Gillian
245 0 0 _aCopinger and Skone James on copyright /
_cby Gillian Davies (D.L., PH. D., of Lincoln's Inn, Barrister, Professor of International Copyright Law, Centre for Commercial Law Studies, Queen Mary, University of London), Nicholas Caddick (M.A., B.C.L., One of her Majesty's Counsel) ; Gwilym Harbottle (B.A. (Oxon), of Lincoln's Inn, Barrister).
250 _aSeventeenth edition.
260 _aUK
_bThomson Reuters
_cc2019
300 _a2 volumes ; Lv, 737 p.;
_c25 cm.
_bill.
500 _a"Senior editors: Gillian Davies ... Nicholas Caddick ... Gwilym Harbottle"--Volume 1, page v.
500 _a"This edition has a different focus from earlier editions. The starting point of most chapters is no longer the national law of copyright laid down in the 1988 Act, as amended, but the law of the EU"--Preface.
500 _aFirst edition published in 1870 under title: The law of copyright, in works of literature and art.
500 _aIncludes legislation.
500 _aincludes index
650 0 _aCopyright
_zGreat Britain.
650 0 _aCopyright
_zEuropean Union countries.
700 1 _aDavies, Gillian,
_eeditor.
700 1 _aCaddick, Nicholas,
_eeditor.
700 1 _aHarbottle, Gwilym,
_eeditor.
700 1 _aSkone James, E. P.
700 1 _aCopinger, Walter Arthur,
_d1847-1910.
_tLaw of copyright, in works of literature and art.
942 _2lcc
_cBK
_e17th
_n0
999 _c3818
_d3818